| 000 | 00598nam a22001817a 4500 | ||
|---|---|---|---|
| 999 |
_c18450 _d18450 |
||
| 003 | AR-CdUCM | ||
| 008 | 190514b ||||| |||| 00| 0 spa d | ||
| 040 |
_aMUNICIPALIDAD PROVINCIAL DEL CUSCO _cBIBLIOTECA MUNICIPAL DEL CUSCO |
||
| 082 |
_a985.009 / _bOR77 |
||
| 100 |
_aOrtega Eudoxio H. _939057 |
||
| 245 |
_aFrancisco Bolognesi : _bEl titan del morro / |
||
| 260 |
_aLima : _bBiblioteca hombres del Perú, _c1963. |
||
| 300 |
_a338 páginas ; _c20 cm. |
||
| 440 |
_aBiblioteca de divulgación popular. _935509 |
||
| 650 |
_aBiografías. _9148 |
||
| 942 |
_2ddc _cLIBROS |
||
| 945 |
_arum _d2019-05-14 |
||